Central Library OPAC University of Rajshahi

Bankruptcy law / (Record no. 4400)

MARC details
000 -LEADER
fixed length control field 01031nam a22003012 4500
001 - CONTROL NUMBER
control field 4400
003 - CONTROL NUMBER IDENTIFIER
rucl marc code BD-RjUL
005 - DATE AND TIME OF LATEST TRANSACTION
control field 20211208233903.0
008 - FIXED-LENGTH DATA ELEMENTS--GENERAL INFORMATION
fixed length control field 131222s1967 enk 001 0 eng d
035 ## - SYSTEM CONTROL NUMBER
System control number (BD-RjUL)4435
040 ## - CATALOGING SOURCE
Original cataloging agency KHC
Transcribing agency KHC
Modifying agency UKM
-- EQO
-- BD-RjUL
Language of cataloging eng
041 ## - LANGUAGE CODE
Language code of text/sound track or separate title eng
082 04 - DEWEY DECIMAL CLASSIFICATION NUMBER
Classification number 346.41078
Edition number 18
Author mark and year GRB 1967
090 ## - LOCALLY ASSIGNED LC-TYPE CALL NUMBER (OCLC); LOCAL CALL NUMBER (OCLC)
Classification number (OCLC) (R) ; Classification number, CALL (RLIN) (NR) KD2149.3
Local cutter number (OCLC) ; Book number/undivided call number, CALL (RLIN) .G75
100 1# - MAIN ENTRY--PERSONAL NAME
Personal name Griffiths, Oswald,
Dates associated with a name 1896-
9 (RLIN) 13915
245 10 - TITLE STATEMENT
Title Bankruptcy law /
Statement of responsibility, etc. O. Griffiths and E. Miles Taylor ; revised by P.W.D. Redmond.
250 ## - EDITION STATEMENT
Edition statement 6th ed.
260 ## - PUBLICATION, DISTRIBUTION, ETC. (IMPRINT)
Place of publication, distribution, etc. London :
Name of publisher, distributor, etc. Macdonald & Evans,
Date of publication, distribution, etc. c1967.
300 ## - PHYSICAL DESCRIPTION
Pagination xvii, 157 p. ;
Size 19 cm.
490 0# - SERIES STATEMENT
Series statement M. & E. handbook series
504 ## - BIBLIOGRAPHY, ETC. NOTE
Bibliography, etc Includes index.
650 #0 - SUBJECT ADDED ENTRY--TOPICAL TERM
Topical term or geographic name as entry element Bankruptcy
Geographic subdivision Great Britain.
9 (RLIN) 13390
Topical term or geographic name as entry element Bankruptcy
Geographic subdivision Great Britain
General subdivision Handbooks, manuals, etc.
9 (RLIN) 13916
700 1# - ADDED ENTRY--PERSONAL NAME
Personal name Taylor, E. Miles
Fuller form of name (Ernest Miles)
Personal name Redmond, Peter William Dawson.
856 ## - ELECTRONIC LOCATION AND ACCESS
Uniform Resource Identifier <a href="http://www.worldcat.org/title/bankruptcy-law/oclc/21362505&referer=brief_results">http://www.worldcat.org/title/bankruptcy-law/oclc/21362505&referer=brief_results</a>
942 ## - ADDED ENTRY ELEMENTS (KOHA)
Source of classification or shelving scheme Dewey Decimal Classification
Koha item type Books
Holdings
Lost status Source of classification or shelving scheme Damaged status Not for loan Collection code Permanent Location Current Location Shelving location Date acquired Source of acquisition Cost, normal purchase price Total Checkouts Full call number Date last seen Copy number Koha item type
  Dewey Decimal Classification   Not For Loan Non-fiction Central Library, University of Rajshahi Central Library, University of Rajshahi Reading Room 05/09/1972 Alighar library, Rajshahi 12.10   346.41078 GRB 1967 22/12/2013 C-1 Books
  Dewey Decimal Classification     Non-fiction Central Library, University of Rajshahi Central Library, University of Rajshahi   05/09/1972 Alighar library, Rajshahi 12.10   346.41078 GRB 1969 03/08/2016 C-2 Books